000 00847nam a22002177a 4500
003 OSt
005 20260309040430.0
008 260309b |||||||| |||| 00| 0 eng d
020 _a0-440241812
040 _aDWCL GS lib
_cOC
082 _aFic. K56s 2004
100 _aSophie Kinsella
245 _aShopaholic takes Manhattan
_cKinsella, Sophie
260 _aNew York
_bBantam Dell
_cc2002.
300 _avii, 386 pages:
_billustrations;
_c17cm.
520 _aFollows Becky Bloomwood as she moves to New York City with her boyfriend, Luke. While navigating her new life and TV career, Becky’s reckless spending resurfaces, leading to debt and a public scandal that threatens her relationship and reputation.
650 _anavigating career challenges
650 _aromance
650 _aexcessive spending
942 _2ddc
_cFIC.
_hFic.
_n0
999 _c8740
_d8740